000 00597nam a2200229Ia 4500
003 OSt
005 20221006164758.0
006 a|||||r|||| 00| 0
007 ta
008 221006b |||||||| |||| 00| 0 eng d
024 _a409
037 _cTextual
040 _aFML
_cFML
_beng
041 _2eng
_aeng
082 _aO44x, P5
100 _aDas Sishar Kumar Au.
245 0 _aHistory Of Indian Litrature 500-1399
260 _aNew Delhi
_bSahitya Acadmy
_c2005
300 _a302
_ccm.
942 _hO44x, P5
_cTEXL
_2CC
999 _c1118440
_d1118440